Geography Eight - Statistics

General Stats
  • This quiz has been taken 166 times
  • The average score is 16 of 24
Answer Stats
Hint Answer % Correct
7) Tallinn is the capital city of which country? Estonia
94%
10) Easter Island is located in which Ocean? Pacific
92%
3) What is the capital of Qatar? Doha
88%
2d) Guyana
86%
5) Which country has the longest coastline in Europe? Norway (58,133 km)
85%
8) What island country lies off the east coast of Saudi Arabia? Bahrain
84%
14) The Sargasso Sea is part of which Ocean? Atlantic Ocean
83%
2b) Guinea
83%
2a) Which 4 (four) countries' names start with 'GU'? Guatemala
79%
2c) Guinea-Bissau
78%
6) Which country's only coastline of 443 km (275 ml) is on the Gulf of Thailand? Cambodia
74%
11) The Great Barrier Reef is situated off which Australian State? Queensland
74%
9) What is the only New York Borough that is part of the United States mainland? Bronx
71%
13) As well as the Bahamas, which country of the Americas does the Tropic of Cancer run through? Mexico
67%
17b) Cyprus
60%
12) Which Canadian Province lies between Saskatchewan and Ontario? Manitoba
60%
1) Which country's flag is pictured above? Fiji
56%
4) What US State is an anagram of ......'Sewing Trivia'? West Virginia
56%
20) Indonesia is planning to move its Capital City from Jakarta, Java to which Island? Borneo
54%
16) The largest in area of The Philippines' 7,100 Islands is? Luzon
54%
18) How many Italian Regions are there? 20 / Twenty
53%
17a) Which two (2) countries have a map of the country on their flag? Kosovo
42%
15) In which US mountain range is Yosemite National Park located? Sierra Nevada
38%
19) What river forms the border between the Central African Republic and the D.R. Congo? Ubangi River
6%
No matching quizzes found
Score Distribution
Percent of People with Each Score
Percentile by Number Answered
Your Score History
You have not taken this quiz